000 004980000a22001810004500
041 0 _aENG
082 0 4 _aG 173 W6861g
100 1 _aWilkinson, Frances
245 1 0 _aGrowing up in Christ. Family life and family religion / Frances Wilkinson
260 _aLondon, Great Britain : SCM
300 _a128 Pag.
650 1 4 _aFAMILIA - VIDA RELIGIOSA
001 1279
942 _cBK
999 _c32602
_d32602
336 _atexto
_btxt
_2rdacontent
337 _2rdamedia
_asin mediación
_bn
338 _2rdacarrier
_avolumen
_bnc